| 000 | 00406nam a2200157Ia 4500 | ||
|---|---|---|---|
| 005 | 20250424120322.0 | ||
| 008 | 250424s9999 xx 000 0 und d | ||
| 022 | _a00368326 | ||
| 050 | _aLB 1585.5 .S35/ | ||
| 245 | 0 | _aScience education | |
| 260 | _bWiley Subscription Services, Inc. | ||
| 260 | _c2011 | ||
| 300 | _a960 p. ; 26 cm. | ||
| 650 | _aScience--Study and teaching--Periodical | ||
| 942 | _cSR | ||
| 999 |
_c38634 _d38634 |
||